LDR 00876naa#a2200181#i#450# 001 RU\\bibl\19759 005 20260603010240.3 100 ## _a20260601b2026####ek#y0rusy0150####ca 102 ## _aRU 200 1# _aОБЯЗАННОСТИ ЛИЦ, ИСПОЛЬЗУЮЩИХ ЛЕСА ДЛЯ РЕКРЕАЦИОННОЙ ДЕЯТЕЛЬНОСТИ _eСтатья/тезисы конференции 210 1# _aВоронеж _cВоронежский государственный лесотехнический университет имени Г.Ф. Морозова _d2026 215 ## _a4 с. 608 ## _aСтатья/тезисы конференции _2local 675 ## _aЛесное хозяйство. Лесоводство. 630 _z 700 #1 _aКосарева _gИрина Викторовна 700 #1 _aОсипова _gН. И. 700 #1 _aПротченко _gЕ. А. 856 4# _abibl.vgltu.ru _u